A crisis da Universidade Europea / (Record no. 142783)

MARC details
000 -LEADER
campo de control de longitud fija 00722nam a2200205 i 4500
001 - NÚMERO DE CONTROL
campo de control 142783
003 - IDENTIFICADOR DE NÚMERO DE CONTROL
campo de control ES-MaACL
005 - FECHA Y HORA DE LA ÚLTIMA TRANSACCIÓN
campo de control 20230906200624.0
007 - CAMPO FIJO DE DESCRIPCIÓN FÍSICA--INFORMACIÓN GENERAL
campo de control de longitud fija t|
008 - DATOS DE LONGITUD FIJA--INFORMACIÓN GENERAL
campo de control de longitud fija 071010s1971 sp ||||1| gao d
100 1# - ENTRADA PRINCIPAL--NOMBRE DE PERSONA
Nombre de persona Vidal Abascal, Enrique.
9 (RLIN) 114464
245 11 - MENCIÓN DEL TÍTULO
Título A crisis da Universidade Europea /
Mención de responsabilidad, etc. discurso... sua recepción, por Enrique Vidal Abascal e resposta de... Ramón Otero Pedrayo.
260 ## - PUBLICACIÓN, DISTRIBUCIÓN, ETC.
Lugar de publicación, distribución, etc. Coruña :
Nombre del editor, distribuidor, etc. Real Academia Gallega,
Fecha de publicación, distribución, etc. 1971 (
Fabricante Tall. Faro de Vigo)
300 ## - DESCRIPCIÓN FÍSICA
Extensión 88 p. ;
Dimensiones 24 cm.
650 14 - PUNTO DE ACCESO ADICIONAL DE MATERIA--TÉRMINO DE MATERIA
Término de materia o nombre geográfico como elemento de entrada Universidades.
9 (RLIN) 17680
700 1# - ENTRADA AGREGADA--NOMBRE PERSONAL
Nombre de persona Otero Pedrayo, Ramón,
Fechas asociadas al nombre 1888-1976
9 (RLIN) 87917
710 2# - ENTRADA AGREGADA--NOMBRE DE ENTIDAD CORPORATIVA
Nombre de entidad corporativa o nombre de jurisdicción como elemento de entrada Real Academia Gallega.
9 (RLIN) 6341
852 ## - LOCALIZACIÓN
Ubicación ES-MaACL
Número de control de estantería C-44034
Sublocalización o colección R.76653
Holdings
Estatus retirado Estado de pérdida Estado de daño No para préstamo Biblioteca de origen Biblioteca actual Ubicación en estantería Fecha de adquisición Fuente de adquisición Total de préstamos Signatura topográfica completa Código de barras Visto por última vez Precio de reemplazo Tipo de ítem Koha
        Biblioteca del Ateneo de Madrid Biblioteca del Ateneo de Madrid Depósito 2 17/01/2008     C-44034 1148562 23/02/2023 23/02/2023 Libro impreso